| 000 | 00495nam a2200193Ia 4500 | ||
|---|---|---|---|
| 008 | 191130s2010##################000#0#eng## | ||
| 020 | _a8180301338 | ||
| 040 |
_aACL _cACL |
||
| 082 | _a588 SIN | ||
| 100 | _aSingh, S. K | ||
| 245 |
_aA textbook of Bryophyta _cS.K. Singh |
||
| 250 | _a1st ed | ||
| 260 |
_aNew Delhi _bCampus Books _c2010 |
||
| 300 | _a272 p. : ill. ; 23 cm | ||
| 650 | _aBryophytes | ||
| 990 | _a8cc74924ac10000c723ffc9892006ee7 | ||
| 991 | _a328277 | ||
| 999 |
_c359443 _d359443 |
||